00993cam a2200193 a 450000100100000000500170001000800410002702000150006804000300008308200170011311101650013024502170029526000690051230000280058150400420060965000540065165000580070570000360076300001189520200929162616.0891122s1991 pr a b s101 0 spa  a0847736156 aDO-SdBNPbspacDLCdBNPHU a460.7bS471e2 aSeminario Internacional sobre Aportes de la Lingüística a la Enseñanza del Español como Lengua Maternan2a :d1988 :cRio Piedras, San Juan, Puerto Rico13aLa enseñanza del español como lengua materna :bActas del II Seminario Internacional sobre Aportes de la Lingüística a la Enseñanza del Español como Lengua Materna /cHumberto López Morales, editor. aRio Piedras, (Puerto Rico) :bUniversidad de Puerto Rico,c1991. a273 p. :bil. ;c23 cm. aIncluye referencias bibliográficas. 4aIdioma españolxEstudio y enseñanzaxCongreso 4aEspañolxEnseñanzaxCongresos, conferencias, etc.1 aLópez Morales, Humberto.eed.